The Likhaan book of poetry and fiction, 1995 / (Record no. 1682)
[ view plain ]
| 000 -LEADER | |
|---|---|
| fixed length control field | 01074cam a2200301 a 4500 |
| 001 - CONTROL NUMBER | |
| control field | 2595478 |
| 003 - CONTROL NUMBER IDENTIFIER | |
| control field | OSt |
| 005 - DATE AND TIME OF LATEST TRANSACTION | |
| control field | 20140310181714.0 |
| 008 - FIXED-LENGTH DATA ELEMENTS--GENERAL INFORMATION | |
| fixed length control field | 970523s1996 ph b f000 0 eng |
| 010 ## - LIBRARY OF CONGRESS CONTROL NUMBER | |
| LC control number | 96946561 |
| 020 ## - INTERNATIONAL STANDARD BOOK NUMBER | |
| International Standard Book Number | 9715421369 |
| 040 ## - CATALOGING SOURCE | |
| Original cataloging agency | DLC |
| Transcribing agency | DLC |
| Modifying agency | DLC |
| 050 00 - LIBRARY OF CONGRESS CALL NUMBER | |
| Classification number | PR 9550.5 |
| Item number | .Ab116 1996 |
| 082 ## - DEWEY DECIMAL CLASSIFICATION NUMBER | |
| Classification number | FIL 808.81 |
| Item number | L627 1996 |
| 100 ## - MAIN ENTRY--PERSONAL NAME | |
| Personal name | Abad, Gémino G. |
| 245 04 - TITLE STATEMENT | |
| Title | The Likhaan book of poetry and fiction, 1995 / |
| Statement of responsibility, etc | Gémino G. Abad, Cristina Pantoja Hidalgo, editors. |
| 260 ## - PUBLICATION, DISTRIBUTION, ETC. (IMPRINT) | |
| Place of publication, distribution, etc | Diliman, Quezon City : |
| Name of publisher, distributor, etc | Likhaan, U.P. Creative Writing Center, College of Arts and Letters and the University of the Philippines Press, |
| Date of publication, distribution, etc | 1996. |
| 300 ## - PHYSICAL DESCRIPTION | |
| Extent | xv, 358 p. : |
| Dimensions | 24 cm. |
| 650 #0 - SUBJECT ADDED ENTRY--TOPICAL TERM | |
| Topical term or geographic name as entry element | Philippine literature (English) |
| 700 1# - ADDED ENTRY--PERSONAL NAME | |
| Personal name | Abad, Gémino H. |
| 700 2# - ADDED ENTRY--PERSONAL NAME | |
| Personal name | Pantoja-Hidalgo, Cristina, |
| Dates associated with a name | 1944- |
| 710 2# - ADDED ENTRY--CORPORATE NAME | |
| Corporate name or jurisdiction name as entry element | Likhaan: U.P. Creative Writing Center. |
| 906 ## - LOCAL DATA ELEMENT F, LDF (RLIN) | |
| a | 7 |
| b | cbc |
| c | orignew |
| d | 3 |
| e | ncip |
| f | 19 |
| g | y-gencatlg |
| 942 ## - ADDED ENTRY ELEMENTS (KOHA) | |
| Source of classification or shelving scheme | Library of Congress Classification |
| Koha item type | Books |
| Withdrawn status | Lost status | Source of classification or shelving scheme | Damaged status | Home library | Current library | Shelving location | Date acquired | Total Checkouts | Full call number | Barcode | Date last seen | Date checked out | Copy number | Price effective from | Koha item type |
|---|---|---|---|---|---|---|---|---|---|---|---|---|---|---|---|
| Library of Congress Classification | Luxembourg Library | Luxembourg Library | Filipiniana Section | 12/13/2012 | 1 | PR 9550.5 .Ab116 1996 | 5605 | 08/12/2014 | 07/22/2014 | 1 | 10/03/2013 | Books |